000 00317nam a2200145Ia 4500
100 _aThomas/R
942 _cBK
654 _aunix
245 _aAdvanced Programmers Guide to Unix System V
260 _bMc Graw Hill
_aCalifornia
_c1987
082 _a005.13 'U'
300 _a484
546 _aENGLISH
999 _c27426
_d27426